000 00371nam a2200157 4500
005 20260530113841.0
020 _a978 3 8228 2291 3
100 1 _aGloria Koening
_930263
245 1 0 _aBAUHAUS
264 1 _bTASCHEN
_c2011
300 _a96 páginas
500 _aIncluye Cd
336 _atexto
_2rdacontent
337 _asin medio
_2rdamedia
338 _avolumen
_2rdacarrier
999 _c11134
_d11134